[Event "Titled Tue 24th Jun Late"]
[Site "chess.com INT"]
[Date "2025.06.24"]
[Round "7"]
[White "Hernandez Leon, Sergio"]
[Black "Morris-Suzuki, Alan H"]
[Result "0-1"]
[WhiteTitle "CM"]
[WhiteElo "2102"]
[BlackElo "1987"]
[WhiteFideId "2285622"]
[BlackFideId "30933218"]
[EventDate "2025.06.24"]

1. e4 Nc6 2. Nf3 d6 3. d4 e6 4. Bd3 Nf6 5. c3 Be7 6. O-O O-O 7. Qe2 e5 8. d5 Nb8
9. c4 a5 10. Nc3 Na6 11. a3 Nc5 12. Bc2 b6 13. Bg5 a4 14. Bxf6 Bxf6 15. Ne1 Bd7
16. Nd3 Bg5 17. Nxc5 bxc5 18. Bd3 g6 19. g3 Bh3 20. Rfe1 f5 21. f3 Qd7 22. Rad1
h5 23. Kh1 Kg7 24. Rg1 f4 25. Qf2 Rf6 26. Bf1 Raf8 27. gxf4 Bxf4 28. Bxh3 Qxh3
29. Qg2 Qxg2+ 30. Kxg2 Be3 31. Rgf1 Rb8 32. Nxa4 g5 33. Rfe1 Bd4 34. Re2 Rb3 35.
Rf1 Rf4 36. Rd2 Kg6 37. Re2 Rb8 38. Rd2 Rbf8 39. Rd3 g4 40. Nc3 h4 41. Ne2 gxf3+
42. Rdxf3 Rg4+ 43. Kh1 Rxf3 44. Rxf3 Rxe4 45. Nxd4 Rxd4 46. a4 Rxc4 47. a5 Ra4
48. Ra3 Rb4 49. a6 Rb8 50. a7 Ra8 51. Kg2 Kf5 52. Kf3 c4 53. Ke3 Kg4 54. Rc3
Rxa7 55. Rxc4+ Kg5 56. h3 Rb7 57. b4 Kf5 58. Rxh4 Rb5 59. Rh7 Rxb4 60. Rf7+ Kg6
61. Rxc7 Rd4 62. Rc8 Rxd5 63. Rh8 Rd4 64. h4 Kf5 65. Rf8+ Ke6 66. Rh8 d5 67.
Rh6+ Kf5 68. Rh5+ Kf6 69. Rh6+ Kg7 70. Re6 Re4+ 71. Kd3 Kf7 72. Rd6 Rd4+ 73. Ke3
Ke7 74. Rh6 Rg4 75. h5 Rh4 76. Rh7+ Ke6 77. Rh8 d4+ 78. Kd3 Rh3+ 79. Ke4 Re3# 0-1

[Event "Titled Tue 24th Jun Late"]
[Site "chess.com INT"]
[Date "2025.06.24"]
[Round "7"]
[White "Ladan, Nicholas"]
[Black "Levano Loayza, Adriano Jaffet"]
[Result "0-1"]
[BlackTitle "CM"]
[WhiteElo "2218"]
[BlackElo "2023"]
[WhiteFideId "30918855"]
[BlackFideId "3865584"]
[EventDate "2025.06.24"]

1. d4 Nf6 2. Bf4 e6 3. e3 b6 4. Nf3 Bb7 5. Be2 Be7 6. O-O O-O 7. c4 c5 8. Nc3 d6
9. Qc2 cxd4 10. exd4 Nbd7 11. Rfd1 a6 12. Rac1 Qc7 13. Qb1 Rac8 14. b3 Rfe8 15.
h3 Bf8 16. Bh2 Qb8 17. Ne1 e5 18. d5 a5 19. Nc2 Nc5 20. Ne3 g6 21. a3 Nfd7 22.
b4 axb4 23. axb4 Na6 24. Ne4 Bg7 25. h4 h6 26. h5 f5 27. Nc3 f4 28. Nf1 g5 29.
Bg4 Rc7 30. Ne4 Nf6 31. Nxf6+ Bxf6 32. Nd2 Rg7 33. Ne4 Be7 34. f3 Bc8 35. Kh1
Bxg4 36. fxg4 Qc8 37. Nf2 Bf8 38. Kg1 Nb8 39. Kh1 Nd7 40. Qf5 Rf7 41. Qg6+ Bg7
42. Ne4 Nf8 43. Qxd6 Qxg4 44. Qxb6 Qxh5 45. Qf2 g4 46. g3 Ng6 47. d6 fxg3 48.
Qxg3 Rf3 49. d7 Rd8 50. Qg2 Nf4 51. Qg1 g3 52. Nxg3 Qh3 53. Rd2 Rxd7 54. Rxd7
Qxd7 55. Rd1 Qb7 56. Qg2 Rf1+ 0-1

[Event "Titled Tue 24th Jun Late"]
[Site "chess.com INT"]
[Date "2025.06.24"]
[Round "7"]
[White "Hartge, Gedeon"]
[Black "Ribeiro, Gustavo"]
[Result "0-1"]
[WhiteTitle "FM"]
[BlackTitle "FM"]
[WhiteElo "2328"]
[BlackElo "2314"]
[WhiteFideId "12932116"]
[BlackFideId "1941852"]
[EventDate "2025.06.24"]

1. c4 Nf6 2. Nc3 a6 3. e4 c5 4. Nf3 Nc6 5. h3 e5 6. d3 Be7 7. g3 d6 8. Bg2 Nd4
9. O-O O-O 10. Nxd4 cxd4 11. Nd5 Nxd5 12. cxd5 f5 13. exf5 Bxf5 14. f4 Bg6 15.
Be4 Bxe4 16. dxe4 Rc8 17. Qg4 Kh8 18. Rf2 Qb6 19. Kg2 d3 20. Qf3 exf4 21. Bxf4
Bf6 22. Qxd3 Be5 23. Raf1 Bxf4 24. gxf4 Rf6 25. e5 Rg6+ 26. Kh2 dxe5 27. fxe5
Qc5 28. b4 Qe7 29. Qf5 Rg8 30. d6 Qh4 31. Rf3 Qxb4 32. Qf7 Qb2+ 33. R1f2 Qxe5+
34. Kh1 Qxd6 35. Qf4 Qxf4 36. Rxf4 Re6 37. Rf7 b5 38. Ra7 h6 39. Rff7 Rg6 40.
Kh2 Kh7 41. h4 h5 42. Rf5 Kh6 43. Rc7 Rf6 44. Re5 Rd8 45. Rcc5 Rd2+ 46. Kg1 Rd1+
47. Kg2 Rd2+ 48. Kg1 g6 49. Rc8 Rf7 0-1

[Event "Titled Tue 24th Jun Late"]
[Site "chess.com INT"]
[Date "2025.06.24"]
[Round "7"]
[White "Nakara Husain"]
[Black "Duarte Cramer, Lily Jeanette"]
[Result "1-0"]
[BlackTitle "WCM"]
[WhiteElo "1713"]
[BlackElo "1828"]
[WhiteFideId "25636111"]
[BlackFideId "29620180"]
[EventDate "2025.06.24"]

1. e4 c5 2. c3 Nf6 3. e5 Nd5 4. Bc4 Nb6 5. Bb3 Nc6 6. Nf3 d6 7. exd6 e6 8. O-O
Bxd6 9. d4 cxd4 10. cxd4 O-O 11. Nc3 a5 12. Bc2 Qc7 13. h3 h6 14. Qd3 f5 15. Nb5
Qd8 16. Qb3 Nb4 17. Bb1 a4 18. Qd1 Ra5 19. Nc3 N6d5 20. a3 Nxc3 21. bxc3 Nd5 22.
Bd2 Ra8 23. Re1 Qc7 24. Qc1 Bd7 25. c4 Nf6 26. c5 Be7 27. Bf4 Qd8 28. Ne5 Nd5
29. Bd2 Bf6 30. Ba2 Re8 31. Rb1 Bxe5 32. Rxe5 Bc6 33. Qe1 Qf6 34. Rd1 Re7 35. f3
Rae8 36. Bb4 g5 37. Rd2 Rg7 38. Rde2 Rge7 39. Bxd5 Bxd5 40. c6 Bxc6 41. Bxe7
Rxe7 42. Rxe6 Qxd4+ 43. Kh1 Rf7 44. Re7 Qf6 45. Rxf7 Qxf7 46. Re7 Qd5 47. Qa1
Qf7 48. Rxf7 Kxf7 49. Qe5 Kg6 50. Qe6+ Kh5 51. Qxf5 b5 52. Qg4+ Kg6 53. Qe6+ Kh5
54. Qxc6 b4 55. Qe8+ 1-0

[Event "Titled Tue 24th Jun Late"]
[Site "chess.com INT"]
[Date "2025.06.24"]
[Round "7"]
[White "Fomevor, Cephas Clinton"]
[Black "Krzywda, Andrzej"]
[Result "1-0"]
[WhiteTitle "CM"]
[BlackTitle "CM"]
[WhiteElo "1883"]
[BlackElo "2175"]
[WhiteFideId "12601330"]
[BlackFideId "1114565"]
[EventDate "2025.06.24"]

1. d4 d5 2. c4 e6 3. Nc3 Nf6 4. cxd5 exd5 5. Bg5 c6 6. Qc2 h6 7. Bh4 Be7 8. e3
O-O 9. Bd3 Re8 10. Nf3 Ne4 11. Bxe7 Qxe7 12. O-O Bf5 13. a3 a5 14. Rab1 Nxc3 15.
Qxc3 Bxd3 16. Qxd3 a4 17. Rfc1 Nd7 18. b4 axb3 19. Rxb3 Nf6 20. Rcb1 Ra7 21. Ne5
Ne4 22. h3 Nd6 23. Qc3 Nb5 24. Qb2 Nxa3 25. Ra1 Nc4 26. Nxc4 Rxa1+ 27. Qxa1 dxc4
28. Rb6 Qe4 29. Rxb7 c5 30. Rc7 Ra8 31. Qb2 cxd4 32. Rxc4 Re8 33. Rxd4 Qg6 34.
Qd2 Re5 35. Rd8+ Kh7 36. Qd3 f5 37. g3 Qf7 38. Kg2 Re7 39. g4 g6 40. Rd4 fxg4
41. Rxg4 Re6 42. Qd4 Rf6 43. Rf4 Rxf4 44. Qxf4 Qb7+ 45. Qf3 Qe7 46. Kg3 h5 47.
Qf4 Qd7 48. Qe5 Qf7 49. e4 Qb7 50. Qd5 1-0

[Event "Titled Tue 24th Jun Late"]
[Site "chess.com INT"]
[Date "2025.06.24"]
[Round "7"]
[White "Vila Dupla, Aurelio"]
[Black "Nayak, Rajesh"]
[Result "0-1"]
[WhiteTitle "FM"]
[BlackTitle "FM"]
[WhiteElo "2056"]
[BlackElo "2262"]
[WhiteFideId "2203383"]
[BlackFideId "35017152"]
[EventDate "2025.06.24"]

1. Nf3 Nf6 2. d4 g6 3. g3 Bg7 4. Bg2 O-O 5. O-O d6 6. c4 c6 7. Nc3 Qa5 8. e4 Qa6
9. b3 c5 10. Bb2 Nc6 11. Nd5 Nxd5 12. exd5 Nxd4 13. Nxd4 cxd4 14. Bxd4 Bxd4 15.
Qxd4 Qb6 16. Qxb6 axb6 17. a4 Bf5 18. Ra2 Rfc8 19. Re1 Kf8 20. Be4 Bd7 21. Kg2
b5 22. cxb5 Bxb5 23. Rd2 Bd7 24. Ree2 Rc3 25. Rd3 Rac8 26. Ree3 Rc1 27. h3 h5
28. Bf3 b5 29. Rd4 bxa4 30. bxa4 Ra1 31. Rb3 Bxa4 32. Rbb4 Bd7 33. Rb7 Bf5 34.
g4 hxg4 35. Bxg4 Bxg4 36. hxg4 Ra2 37. Re4 Rcc2 38. Rf4 Re2 39. Rb3 Rad2 40.
Rbf3 f6 41. g5 Rxd5 42. gxf6 Rg5+ 43. Kf1 Ree5 44. fxe7+ Kxe7 45. Rf7+ Ke6 46.
R7f6+ Kd7 47. Rd3 Re6 48. Rxe6 Kxe6 49. Ke2 Re5+ 50. Kf3 d5 51. Rd2 Re4 52. Ra2
Ke5 53. Ra6 g5 54. Ra8 g4+ 55. Kg3 Kd4 56. Rg8 Kd3 0-1

[Event "Titled Tue 24th Jun Late"]
[Site "chess.com INT"]
[Date "2025.06.24"]
[Round "7"]
[White "Oluka Robert Mcligeyo"]
[Black "Gruzman, Ilya"]
[Result "1-0"]
[WhiteTitle "CM"]
[BlackTitle "CM"]
[WhiteElo "2061"]
[BlackElo "2165"]
[WhiteFideId "10814647"]
[BlackFideId "2812703"]
[EventDate "2025.06.24"]

1. e4 e5 2. Nc3 Nf6 3. Bc4 Nc6 4. d3 Bc5 5. f4 d6 6. Nf3 exf4 7. Bxf4 O-O 8. Qd2
Be6 9. O-O-O Bxc4 10. dxc4 Bb4 11. Rhe1 Re8 12. Bg5 h6 13. Bh4 Ne5 14. Nxe5 Rxe5
15. Qd4 g5 16. Bg3 Re8 17. Nd5 Nxd5 18. cxd5 Bxe1 19. Rxe1 f6 20. Rf1 Rf8 21. h4
Qe7 22. Qd3 Rae8 23. Re1 Qf7 24. Qf3 f5 25. hxg5 hxg5 26. e5 f4 27. e6 Qf5 28.
Bf2 g4 29. Qb3 g3 30. Bd4 b6 31. Rh1 Rf6 32. Qc3 Ref8 33. e7 Re8 34. Bxf6 Qxd5
35. Qb3 Qxb3 36. axb3 Kf7 37. Bg5 Kg6 38. Bxf4 Rxe7 39. Bxg3 Re2 40. Be1 Rxg2
41. Bc3 d5 42. Re1 c5 43. Re6+ Kf5 44. Rf6+ Ke4 45. Re6+ Kf3 46. Re7 d4 47. Bd2 1-0

[Event "Titled Tue 24th Jun Late"]
[Site "chess.com INT"]
[Date "2025.06.24"]
[Round "7"]
[White "Klukin, Kirill"]
[Black "Mishra, Abhimanyu"]
[Result "0-1"]
[WhiteTitle "IM"]
[BlackTitle "GM"]
[WhiteElo "2401"]
[BlackElo "2611"]
[WhiteFideId "24199273"]
[BlackFideId "30920019"]
[EventDate "2025.06.24"]

1. d4 d5 2. Nf3 Nf6 3. e3 c6 4. c4 Bf5 5. Nc3 e6 6. Bd3 Bxd3 7. Qxd3 Nbd7 8. O-O
Bb4 9. Ne2 O-O 10. a3 Bd6 11. Nc3 dxc4 12. Qxc4 e5 13. e4 Re8 14. Rd1 Qc7 15. h3
exd4 16. Qxd4 Bc5 17. Qa4 Bb6 18. Qc2 Ne5 19. Nd4 Rad8 20. Nf5 Rxd1+ 21. Nxd1
Nxe4 22. Qxe4 Nf3+ 23. gxf3 Rxe4 24. fxe4 g6 25. Nh6+ Kg7 26. Kg2 Qe5 27. Nc3 f5
28. exf5 gxf5 29. Bd2 Bxf2 30. Kxf2 Qh2+ 31. Ke3 Kxh6 32. Kd3+ Kg6 33. Ne2 Qxh3+
34. Be3 Qf3 35. Rg1+ Kf7 36. Nf4 Qe4+ 37. Kd2 c5 38. Ne2 c4 39. Nf4 b5 40. Rg3
a5 41. Rh3 b4 42. axb4 axb4 43. Rxh7+ Kg8 44. Rc7 b3 45. Rc8+ Kf7 46. Rc7+ Ke8
47. Ne2 Qd3+ 48. Ke1 Qxe3 49. Rxc4 Qd3 50. Rc8+ Kf7 51. Kf2 Qd2 52. Rc3 Qxb2 53.
Rf3 Kf6 54. Ke1 Qb1+ 55. Kd2 b2 0-1

[Event "Titled Tue 24th Jun Late"]
[Site "chess.com INT"]
[Date "2025.06.24"]
[Round "7"]
[White "Kobo, Ori"]
[Black "Jumabayev, Rinat"]
[Result "0-1"]
[WhiteTitle "GM"]
[BlackTitle "GM"]
[WhiteElo "2493"]
[BlackElo "2546"]
[WhiteFideId "2812320"]
[BlackFideId "13702661"]
[EventDate "2025.06.24"]

1. c4 e6 2. g3 d5 3. Bg2 d4 4. Nf3 Nh6 5. O-O Nc6 6. e3 Bc5 7. b4 Nxb4 8. exd4
Be7 9. Bb2 O-O 10. d3 Nf5 11. g4 Nh4 12. Nxh4 Bxh4 13. Nc3 Bf6 14. Ne2 Nc6 15.
Kh1 Bxd4 16. Nxd4 Nxd4 17. f4 c5 18. Qd2 Qd6 19. a4 Bd7 20. a5 Bc6 21. Bxd4 Qxd4
22. Bxc6 bxc6 23. Ra3 Rab8 24. Qg2 Rb2 25. Qxc6 Qe3 26. Qf3 Qd2 27. Qg3 Rfb8 28.
Raa1 R8b3 29. Rad1 Qxa5 30. f5 Qb6 31. f6 Qb7+ 32. Kg1 g6 33. Rf3 a5 34. Qf4 Rb1
35. Rxb1 Rxb1+ 36. Kg2 Qb2+ 37. Rf2 Qb7+ 38. Kh3 Qb8 39. Qh6 Qf8 40. Qf4 Rb8 41.
Ra2 Rd8 42. Rxa5 Rxd3+ 43. Kh4 Rd4 44. Qe3 h5 45. h3 hxg4 46. hxg4 Qd6 47. Qh6
Qh2+ 48. Kg5 Qd2+ 49. Kh4 Qxh6+ 0-1

[Event "Titled Tue 24th Jun Late"]
[Site "chess.com INT"]
[Date "2025.06.24"]
[Round "7"]
[White "Lortkipanidze, Nodar"]
[Black "Rustemov, Alexander"]
[Result "1/2-1/2"]
[WhiteTitle "IM"]
[BlackTitle "GM"]
[WhiteElo "2359"]
[BlackElo "2525"]
[WhiteFideId "13604058"]
[BlackFideId "4119002"]
[EventDate "2025.06.24"]

1. e4 e6 2. d4 d5 3. Nc3 Bb4 4. Ne2 Nf6 5. e5 Nfd7 6. a3 Be7 7. f4 c5 8. Be3 Nc6
9. dxc5 Nxc5 10. Nd4 O-O 11. Be2 Bd7 12. O-O Rc8 13. b4 Nxd4 14. Bxd4 Na4 15.
Nxa4 Bxa4 16. Bd3 a6 17. f5 exf5 18. Rxf5 g6 19. Rf2 Bb5 20. Qg4 Bxd3 21. cxd3
Bg5 22. Raf1 Rc1 23. Rxc1 Bxc1 24. h4 h5 25. Qg3 Qd7 26. Rf6 Qg4 27. Qf2 Bh6 28.
e6 fxe6 29. Rxf8+ Bxf8 30. Qf6 Qf5 31. Qh8+ Kf7 32. Qh7+ Ke8 33. Qxb7 Qg4 34.
Bc5 Bxc5+ 35. bxc5 Qd4+ 36. Kh2 Qxh4+ 37. Kg1 Qd4+ 38. Kh2 Qxc5 39. Qxa6 Kf7 40.
a4 e5 41. a5 e4 42. dxe4 dxe4 43. Qb7+ Kf8 44. Qb8+ Kf7 45. a6 e3 46. a7 Qd4 47.
Qb7+ Kf6 48. Qf3+ Kg7 49. Qb7+ Kh6 50. a8=Q Qh4+ 51. Kg1 Qe1+ 52. Kh2 Qh4+ 53.
Kg1 Qe1+ 54. Kh2 Qh4+ 1/2-1/2

[Event "Titled Tue 24th Jun Late"]
[Site "chess.com INT"]
[Date "2025.06.24"]
[Round "7"]
[White "Rozman, Levy"]
[Black "Becking, Stephan"]
[Result "1/2-1/2"]
[WhiteTitle "IM"]
[BlackTitle "IM"]
[WhiteElo "2324"]
[BlackElo "2410"]
[WhiteFideId "2039877"]
[BlackFideId "4632478"]
[EventDate "2025.06.24"]

1. d4 d5 2. Bg5 Nf6 3. Bxf6 gxf6 4. c4 c6 5. cxd5 cxd5 6. Nc3 Nc6 7. e3 e6 8. g3
Bd6 9. Bg2 f5 10. a3 a6 11. Rc1 O-O 12. Nge2 Bd7 13. Nf4 Kh8 14. Qh5 Bxf4 15.
gxf4 Qf6 16. b4 Rac8 17. Qg5 Qg7 18. Qxg7+ Kxg7 19. Kd2 Kf6 20. Bf3 Na7 21. Rhg1
Nb5 22. Nb1 Nd6 23. Rxc8 Rxc8 24. Rc1 Nc4+ 25. Ke1 Ke7 26. Be2 Nb6 27. Rxc8 Bxc8
28. Nc3 Bd7 29. Kd2 Nc8 30. Bd3 Nd6 31. Ne2 Bb5 32. Ng1 Bxd3 33. Kxd3 Nc4 34.
Nf3 Nxa3 35. h4 Nb5 36. h5 h6 37. Nd2 Nd6 38. Nb3 b6 39. f3 Kd7 40. Nd2 Kc6 41.
Kc3 Nb5+ 42. Kb3 Nd6 43. Nb1 Nc4 44. e4 fxe4 45. fxe4 Ne3 46. Nd2 Ng2 47. f5
exf5 48. exf5 Ne3 49. Nf3 Nxf5 50. Ne5+ Kd6 51. Nxf7+ Ke6 52. Nd8+ Kd7 53. Nf7
Nxd4+ 54. Kc3 Nf5 55. Ne5+ Ke6 56. Nc6 d4+ 57. Kc4 Kd6 58. Nd8 Ke5 59. Kd3 Kf4
60. Ne6+ Kg4 61. Nc7 a5 62. b5 Kxh5 63. Nd5 Nd6 64. Nxb6 Nxb5 65. Kc4 Nc7 66.
Kxd4 Kg4 67. Nd7 h5 68. Nf6+ Kg5 69. Ne4+ Kg6 70. Kc5 h4 71. Kb6 Kf5 72. Nf2
Nd5+ 73. Kxa5 Kf4 74. Kb5 Kg3 75. Ne4+ Kg2 76. Ng5 Nf4 77. Kc4 Kg3 78. Kd4 Kg4
79. Ne4 Ne6+ 80. Ke3 Nf4 81. Nf6+ Kg3 82. Ne4+ Kg4 83. Nf2+ Kg3 84. Ne4+ Kg4 1/2-1/2

[Event "Titled Tue 24th Jun Late"]
[Site "chess.com INT"]
[Date "2025.06.24"]
[Round "7"]
[White "Tan, Zhongyi"]
[Black "Nguyen, Ngoc Truong Son"]
[Result "1-0"]
[WhiteTitle "GM"]
[BlackTitle "GM"]
[WhiteElo "2546"]
[BlackElo "2600"]
[WhiteFideId "8603642"]
[BlackFideId "12401110"]
[EventDate "2025.06.24"]

1. e4 e5 2. Nf3 Nc6 3. Bb5 Nf6 4. O-O Nxe4 5. Re1 Nd6 6. a4 e4 7. Nc3 Be7 8.
Nxe4 Nxe4 9. Rxe4 d5 10. Re1 O-O 11. d4 Bf5 12. a5 a6 13. Bxc6 bxc6 14. c3 Bd6
15. b4 Re8 16. Bg5 Qd7 17. Qd2 Be4 18. Ne5 Bxe5 19. dxe5 h6 20. Bf4 Qf5 21. f3
Bd3 22. Bg3 c5 23. bxc5 Rab8 24. Ra4 Bc4 25. Rb4 Rb5 26. Rxb5 axb5 27. a6 Ra8
28. Ra1 b4 29. cxb4 Rxa6 30. Rxa6 Bxa6 31. h3 c6 32. Kh2 Kh7 33. Qf4 Qc2 34. Qd4
Bc4 35. Bf2 Qb1 36. Qd2 Qf5 37. Bd4 Bb5 38. Bc3 Qd3 39. Qxd3+ Bxd3 40. g4 g5 41.
Kg3 Kg6 42. h4 gxh4+ 43. Kxh4 Be2 44. f4 Bd3 45. f5+ Kh7 46. Bd4 Bc4 47. Kg3 Bb5
48. Kf4 Kg8 49. e6 fxe6 50. fxe6 Kf8 51. Bf6 Ke8 52. Ke5 Be2 53. Kf4 1-0

[Event "Titled Tue 24th Jun Late"]
[Site "chess.com INT"]
[Date "2025.06.24"]
[Round "7"]
[White "Plichta, Kamil"]
[Black "Yao, Hanchi"]
[Result "1-0"]
[WhiteTitle "FM"]
[WhiteElo "2361"]
[BlackElo "2129"]
[WhiteFideId "1141830"]
[BlackFideId "30957397"]
[EventDate "2025.06.24"]

1. Nf3 Nf6 2. g3 b6 3. Bg2 Bb7 4. O-O e6 5. d3 Be7 6. e4 d5 7. e5 Nfd7 8. Re1 c5
9. Nbd2 d4 10. a4 Nc6 11. h4 a6 12. Nf1 Qc7 13. Bf4 Nb4 14. N1h2 Nd5 15. Bd2 h5
16. c3 dxc3 17. bxc3 O-O-O 18. d4 c4 19. Qc2 Nb8 20. Ng5 Bxg5 21. Bxg5 f6 22.
Bd2 g5 23. Nf3 g4 24. Nh2 f5 25. Nf1 Nd7 26. Bg5 Rdf8 27. Ne3 Nxe3 28. fxe3 Bxg2
29. Qxg2 Qb7 30. Qe2 Qd5 31. Rab1 Kc7 32. Be7 Re8 33. Bd6+ Kb7 34. Rb4 Rc8 35.
Reb1 Rhg8 36. Bc5 Rxc5 37. dxc5 Qxc5 38. Rxc4 Qxe5 39. Kh2 Nc5 40. Rcb4 Ne4 41.
Rxb6+ Kc7 42. Rb7+ Kc8 43. Qc4+ Kd8 44. Qd4+ Qxd4 45. cxd4 Nd6 46. Ra7 Nc8 47.
Rb8 Re8 48. Rxa6 Re7 49. Raa8 Rc7 50. Kg2 Kd7 51. Rxc8 Rxc8 52. Rxc8 Kxc8 53.
Kf2 Kb7 54. e4 fxe4 55. Ke3 Ka6 56. Kxe4 Ka5 57. Ke5 Kxa4 58. Kxe6 Kb5 59. d5
Kc4 60. d6 Kd4 61. d7 Ke4 62. d8=Q Kf3 63. Qd6 Kg2 64. Qf4 Kh3 65. Kf5 Kg2 66.
Kg5 Kh3 67. Kxh5 Kg2 68. Kg5 Kh3 69. h5 Kg2 70. h6 Kh3 71. h7 Kg2 72. Kxg4 Kg1
73. Qd2 Kf1 74. Kf3 Kg1 75. Qg2# 1-0

[Event "Titled Tue 24th Jun Late"]
[Site "chess.com INT"]
[Date "2025.06.24"]
[Round "7"]
[White "Golis, Wiktor"]
[Black "Demchenko, Anton"]
[Result "0-1"]
[WhiteTitle "FM"]
[BlackTitle "GM"]
[WhiteElo "2307"]
[BlackElo "2619"]
[WhiteFideId "21055874"]
[BlackFideId "4160258"]
[EventDate "2025.06.24"]

1. Nf3 Nf6 2. c4 d6 3. d4 Nc6 4. d5 Ne5 5. Nxe5 dxe5 6. Nc3 e6 7. g3 exd5 8.
cxd5 h6 9. Bg2 Bc5 10. O-O O-O 11. e3 Qe7 12. a3 Bd7 13. b4 Bd6 14. Bb2 a5 15.
b5 a4 16. Qc2 Ra5 17. Rfc1 Rfa8 18. Bf1 e4 19. Bg2 Re8 20. Qd2 b6 21. Qe2 h5 22.
Qc2 Bf5 23. Nxa4 h4 24. Nc3 hxg3 25. hxg3 Ng4 26. Ne2 Qg5 27. Nd4 Bg6 28. Qc3
Qh6 29. Kf1 Be5 30. Qd2 Nh2+ 31. Ke1 Raa8 32. Nc6 Bd6 33. a4 Bh5 34. Qd4 Bf3 35.
Kd2 Bxg2 36. Kc2 Nf3 37. Qc3 Ne5 38. Nd4 Qf6 39. Qd2 Nc4 40. Qe2 Nxb2 41. Kxb2
Bf3 42. Qd2 Be5 43. Rc4 Rad8 44. Rc6 Bxd4+ 45. exd4 Qf5 46. Rxc7 Qxd5 47. Rac1
Ra8 48. Qb4 e3 49. fxe3 Rxe3 50. R1c2 Bg4 51. R7c6 Be6 52. R6c3 Rxc3 53. Rxc3
Rd8 54. a5 bxa5 55. Qxa5 Rb8 56. Rc5 Qxd4+ 57. Qc3 Qf2+ 58. Ka3 Ra8+ 59. Kb4 Qa2
60. b6 Qa4# 0-1

[Event "Titled Tue 24th Jun Late"]
[Site "chess.com INT"]
[Date "2025.06.24"]
[Round "7"]
[White "Avramidou, Anastasia"]
[Black "Aalto, Patrik"]
[Result "1-0"]
[WhiteTitle "FM"]
[BlackTitle "FM"]
[WhiteElo "2294"]
[BlackElo "2316"]
[WhiteFideId "4239873"]
[BlackFideId "510726"]
[EventDate "2025.06.24"]

1. Nf3 Nf6 2. c4 e6 3. g3 d5 4. Bg2 Be7 5. b3 O-O 6. Bb2 b6 7. O-O Bb7 8. d4 a5
9. Nc3 Nbd7 10. Rc1 Ba6 11. Nd2 Rc8 12. cxd5 exd5 13. Nxd5 Nxd5 14. Bxd5 Nf6 15.
Bg2 c5 16. Nc4 cxd4 17. Qxd4 Qxd4 18. Bxd4 Bxc4 19. Rxc4 Rxc4 20. bxc4 Bc5 21.
Bxc5 bxc5 22. Rb1 Rd8 23. Bf3 Kf8 24. Rb5 a4 25. Ra5 Rd1+ 26. Kg2 Rc1 27. Rxa4
Nd7 28. Bd5 Ke7 29. Ra7 Kd6 30. Bxf7 Rc2 31. Bd5 Rxe2 32. a4 Ne5 33. Ra6+ Kc7
34. Re6 Re1 35. a5 Nd3 36. Rxe1 Nxe1+ 37. Kf1 Nc2 38. Ke2 Nd4+ 39. Kd3 Nb3 40.
a6 Kb6 41. Bb7 Nd4 42. f4 Nf5 43. Ke4 Nd6+ 44. Kd5 Nf5 45. Ke4 Nd6+ 46. Ke5
Nxc4+ 47. Ke6 Ne3 48. Be4 Kxa6 49. Kf7 c4 50. Kxg7 c3 51. Bxh7 Kb5 52. Bd3+ Kb4
53. f5 Kb3 54. f6 Nc4 55. Bxc4+ Kxc4 56. f7 c2 1-0

[Event "Titled Tue 24th Jun Late"]
[Site "chess.com INT"]
[Date "2025.06.24"]
[Round "7"]
[White "Estrada Nieto, Julian"]
[Black "Clawitter, Craig"]
[Result "0-1"]
[WhiteTitle "IM"]
[WhiteElo "2181"]
[BlackElo "2050"]
[WhiteFideId "5101018"]
[BlackFideId "2023105"]
[EventDate "2025.06.24"]

1. e4 e5 2. Nf3 Nc6 3. Bb5 a6 4. Ba4 Nf6 5. O-O Be7 6. Re1 b5 7. Bb3 d6 8. c3
O-O 9. h3 Nb8 10. d4 Nbd7 11. Nbd2 Bb7 12. Bc2 Re8 13. b3 Bf8 14. Rb1 g6 15. d5
c6 16. c4 Nc5 17. Nf1 a5 18. Ng3 a4 19. bxa4 bxc4 20. Be3 Rb8 21. Bxc5 dxc5 22.
dxc6 Bxc6 23. Qe2 c3 24. Qc4 Qa5 25. Ng5 Qa7 26. Qxc3 Bxa4 27. Bd3 h6 28. Nf3
Bg7 29. Bc4 Bc6 30. Nxe5 Rxb1 31. Rxb1 Bxe4 32. Bxf7+ Kh7 33. Nxe4 Rxe5 34. Qxe5
Qxf7 35. Nxf6+ Bxf6 36. Qf4 Qxa2 37. Rb7+ Bg7 38. Qf6 Qb1+ 39. Kh2 Qxb7 40. Qe6
Qc7+ 41. g3 c4 42. Qe2 c3 43. Qc2 Bd4 44. h4 Qc4 45. h5 Qe6 46. Qd3 Qf6 47.
hxg6+ Kg7 48. f4 h5 49. Kg2 h4 50. gxh4 Qxf4 51. h5 Qd2+ 52. Qxd2 cxd2 53. h6+
Kxh6 54. Kf3 d1=Q+ 55. Ke4 Qh5 56. Kxd4 Qxg6 0-1

[Event "Titled Tue 24th Jun Late"]
[Site "chess.com INT"]
[Date "2025.06.24"]
[Round "7"]
[White "Amburgy, Ryan"]
[Black "Nalbandyan, Vahan"]
[Result "1-0"]
[WhiteTitle "FM"]
[BlackTitle "CM"]
[WhiteElo "2332"]
[BlackElo "2155"]
[WhiteFideId "30924820"]
[BlackFideId "13309439"]
[EventDate "2025.06.24"]

1. c4 c5 2. Nc3 Nf6 3. Nf3 b6 4. g3 Bb7 5. Bg2 e6 6. O-O Be7 7. Re1 d5 8. cxd5
Nxd5 9. d4 O-O 10. e4 Nb4 11. Be3 cxd4 12. Nxd4 N8c6 13. a3 Nxd4 14. Bxd4 Nc6
15. Be3 Ne5 16. Qb3 Rc8 17. Rad1 Qc7 18. Bf4 Bf6 19. Nb5 Qc2 20. Qxc2 Rxc2 21.
b4 a6 22. Nd6 Ba8 23. Be3 b5 24. Bc5 Rd8 25. f4 Nd7 26. Bf2 Be7 27. e5 Bxg2 28.
Kxg2 Nb6 29. Rc1 Rxc1 30. Rxc1 Nd5 31. Ne4 Ra8 32. Bc5 Kf8 33. Kf3 a5 34. bxa5
Rxa5 35. Nd6 Bxd6 36. Bxd6+ Ke8 37. Rc8+ Kd7 38. Rh8 h6 39. h4 Ra4 40. h5 b4 41.
axb4 Nxb4 42. Bxb4 Rxb4 43. Rg8 Rb3+ 44. Kg4 Ke7 45. Rxg7 Rb4 46. Rh7 Kf8 47.
Rxh6 Kg7 48. Rf6 Rb3 49. h6+ Kg8 50. h7+ Kxh7 51. Rxf7+ Kg8 52. Rf6 Rb6 53. Kg5
Kg7 54. g4 Ra6 55. f5 Ra5 56. Rxe6 Kf7 57. Kh6 Ra4 58. Rg6 Ra3 59. e6+ Ke7 60.
Kg7 Ra7 61. f6+ Kxe6+ 62. Kg8 Ra8+ 63. Kg7 Kd7 64. f7 Ke7 65. Rf6 Rf8 66. g5 1-0

[Event "Titled Tue 24th Jun Late"]
[Site "chess.com INT"]
[Date "2025.06.24"]
[Round "7"]
[White "Cernov, Henrik"]
[Black "Fikiet, Alex"]
[Result "0-1"]
[WhiteTitle "FM"]
[WhiteElo "2325"]
[BlackElo "2151"]
[WhiteFideId "16258312"]
[BlackFideId "2052717"]
[EventDate "2025.06.24"]

1. e4 d6 2. d4 Nf6 3. Nc3 g6 4. f4 Bg7 5. e5 Nfd7 6. Nf3 c5 7. exd6 O-O 8. Be3
exd6 9. Qd2 Nc6 10. O-O-O Qa5 11. Kb1 Nf6 12. h3 a6 13. g4 b5 14. g5 b4 15. gxf6
bxc3 16. Qxc3 Qxc3 17. bxc3 Bxf6 18. Bc4 Bf5 19. Ng5 h6 20. Nf3 Rab8+ 21. Kc1
cxd4 22. Nxd4 Nxd4 23. Bxd4 Bh4 24. Rhg1 a5 25. a4 Kh7 26. Bb5 g5 27. Be3 Rbc8
28. c4 f6 29. Rxd6 Bxh3 30. Bd4 Kg6 31. c5 Bf5 32. c6 Rfd8 33. Rxd8 Rxd8 34. c7
Rxd4 35. Bd3 Rxd3 36. cxd3 Bf2 37. Rd1 Be3+ 38. Kb2 Bxf4 39. c8=Q Bxc8 40. d4
Bd7 41. d5 Bxa4 42. d6 Bd7 43. Kc3 Kf5 44. Kc4 Ke6 45. Kc5 Be5 46. Re1 h5 47.
Rd1 h4 48. Rd2 h3 49. Rd3 h2 50. Rd1 a4 51. Kb6 a3 52. Kc7 a2 53. Kd8 a1=Q 54.
Rc1 Qa8+ 55. Kc7 Qa7+ 56. Kd8 Qa8+ 57. Kc7 Bxd6+ 58. Kb6 Qb8+ 59. Ka6 Qb5+ 60.
Ka7 Bc5+ 61. Ka8 Bc6# 0-1